Power system load frequency control : classical and adaptive fuzzy approaches (Record no. 78242)

MARC details
000 -LEADER
fixed length control field 00869nam a22002657a 4500
003 - CONTROL NUMBER IDENTIFIER
control field CBULib
005 - DATE AND TIME OF LATEST TRANSACTION
control field 20231121084437.0
008 - FIXED-LENGTH DATA ELEMENTS--GENERAL INFORMATION
fixed length control field 230503b |||||||| |||| 00| 0 eng d
020 ## - INTERNATIONAL STANDARD BOOK NUMBER
International Standard Book Number 9781498745574
040 ## - CATALOGING SOURCE
Original cataloging agency CBULib
Transcribing agency CBULib
Language of cataloging English
Description conventions rda
041 ## - LANGUAGE CODE
Language code of text/sound track or separate title eng
050 ## - LIBRARY OF CONGRESS CALL NUMBER
Classification number TK 1007 You
100 1# - MAIN ENTRY--PERSONAL NAME
Personal name Yousef, Hassan A.
9 (RLIN) 288
245 ## - TITLE STATEMENT
Title Power system load frequency control : classical and adaptive fuzzy approaches
Statement of responsibility, etc / by Hassan A. Yousef
260 ## - PUBLICATION, DISTRIBUTION, ETC. (IMPRINT)
Place of publication, distribution, etc Florida :
Name of publisher, distributor, etc CRC Press,
Date of publication, distribution, etc 2017
300 ## - PHYSICAL DESCRIPTION
Extent xvii, 232 pages : illustrations
336 ## - CONTENT TYPE
Source rdacontent
Content type term Text |
Content type code txt
337 ## - MEDIA TYPE
Source rdamedia
Media type term Unmediated |
Media type code n
338 ## - CARRIER TYPE
Source rdacarrier
Carrier type term Volume
Carrier type code nc
504 ## - BIBLIOGRAPHY, ETC. NOTE
Bibliography, etc Includes index.
650 #0 - SUBJECT ADDED ENTRY--TOPICAL TERM
Topical term or geographic name as entry element ELECTRIC POWER SYSTEMS--CONTROL
9 (RLIN) 289
650 #0 - SUBJECT ADDED ENTRY--TOPICAL TERM
Topical term or geographic name as entry element ELECTRIC POWER PLANTS--LOAD
9 (RLIN) 290
650 #0 - SUBJECT ADDED ENTRY--TOPICAL TERM
Topical term or geographic name as entry element ELECTRIC POWER SYSTEMS--LOAD DISPATCHING
9 (RLIN) 291
942 ## - ADDED ENTRY ELEMENTS (KOHA)
Koha item type MONOGRAPH
Source of classification or shelving scheme
Holdings
Withdrawn status Lost status Source of classification or shelving scheme Damaged status Not for loan Collection code Permanent Location Current Location Shelving location Date acquired Source of acquisition Cost, normal purchase price Full call number Barcode Date last seen Copy number Cost, replacement price Price effective from Koha item type Total Checkouts
          Main Library Open Access Collection CBU-MAIN LIBRARY, KITWE. CBU-MAIN LIBRARY, KITWE. General Stacks 05/03/2023 DON-BOOKAID 130.89 TK 1007 You 752054 05/03/2023 1 157.06 05/03/2023 MONOGRAPH  
          Main Library Open Access Collection CBU-MAIN LIBRARY, KITWE. CBU-MAIN LIBRARY, KITWE. General Stacks 11/21/2023 DON-BOOKAID 130.89 TK 1007 You 752560 11/21/2023 2   11/21/2023 MONOGRAPH  
          CBU-Lusaka Campus CBU- LUSAKA CAMPUS CBU-MAIN LIBRARY, KITWE. General Stacks 11/21/2023 DON-BOOKAID 130.89 TK 1007 You 752559 11/21/2023 3   11/21/2023 MONOGRAPH